| 000 | 00000cam 2200000zi 4500 |
| 001 | 9.950283 |
| 003 | CaOODSP |
| 005 | 20260527092707 |
| 006 | m o d f |
| 007 | cr cn||||||||| |
| 008 | 250422t20252025oncab obu f001 0 fre d |
| 020 | |a9780660769967 |
| 040 | |aCaOODSP|bfre|erda|cCaOODSP |
| 043 | |an-cn--- |
| 086 | 1 |aNR24-24/2025F-PDF |
| 245 | 00|aCode national de l'énergie pour les bâtiments - Canada 2025 / |célaboré par le Comité canadien de l'harmonisation des codes de construction. |
| 250 | |aSixième édition 2025. |
| 264 | 1|aOttawa (Ontario) : |bConseil national de recherches du Canada, |c2025. |
| 264 | 4|c©2025 |
| 300 | |a1 ressource en ligne (1 volume (pagination multiple)) : |billustrations, cartes |
| 336 | |atexte|btxt|2rdacontent/fre |
| 337 | |ainformatique|bc|2rdamedia/fre |
| 338 | |aressource en ligne|bcr|2rdacarrier/fre |
| 500 | |a« Première impression. » |
| 500 | |a« La présente publication a été rendue possible grâce au soutien technique et financier de: Ressources naturelles Canada. |
| 500 | |aPublié aussi en anglais sous le titre : National Energy Code of Canada for Buildings 2025. |
| 500 | |aComprend des références bibliographiques et un index. |
| 520 | |a« Le Code national de l'énergie pour les bâtiments - Canada (CNÉB) est l'un des cinq codes modèles nationaux, tout comme le Code national du bâtiment - Canada (CNB), le Code national de la plomberie - Canada (CNP), le Code national de prévention des incendies - Canada (CNPI), et le Code national de construction des bâtiments agricoles - Canada (dernière parution en 1995). Au Canada, les gouvernements provinciaux et territoriaux ont l'autorité nécessaire pour adopter les lois qui réglementent la conception et la construction des bâtiments relevant de leur compétence. Ces lois et règlements peuvent comprendre l'adoption du CNÉB, sans aucun changement ou avec des modifications destinées à répondre à des besoins locaux, ainsi que d'autres lois et règlements en matière de conception et de construction de bâtiments. Les personnes participant à la conception et à la construction d'un bâtiment devraient consulter l'autorité compétente provinciale ou territoriale concernée afin de déterminer quelles exigences doivent s'appliquer » -- Préface, page v. |
| 530 | |aÉgalement publié en version imprimée. |
| 650 | 6|aArchitecture et économies d'énergie|xDroit|zCanada. |
| 650 | 6|aConstructions|xÉconomies d'énergie|xDroit|zCanada. |
| 650 | 6|aArchitecture et économies d'énergie|xNormes|zCanada. |
| 650 | 6|aConstructions|xÉconomies d'énergie|xNormes|zCanada. |
| 710 | 2 |aComité canadien de l'harmonisation des codes de construction, |eorganisme de publication. |
| 710 | 2 |aConseil national de recherches du Canada, |eorganisme de publication. |
| 710 | 1 |aCanada. |bRessources naturelles Canada, |eorganisme de parrainage. |
| 775 | 08|tNational Energy Code of Canada for Buildings 2025 / |w(CaOODSP)9.950279 |
| 776 | 0#|tCode national de l'énergie pour les bâtiments - Canada 2025 / |w(CaOODSP)9.950284 |
| 795 | |tCode national de l'énergie pour les bâtiments - Canada 2020 / |bCinquième édition 2020|w(CaOODSP)9.897538 |
| 856 | 40|qPDF|s3.00 Mo|uhttps://publications.gc.ca/collections/collection_2026/cnrc-nrc/NR24-24-2025-fra.pdf |
| 986 | |aNRCC-CONST-56758F |